The railway children

Enregistré dans:
Détails bibliographiques
Auteur principal: Nesbit, Edith
Format: Livre
Langue:Undetermined
Publié: Oxford, England Oxford University Press 2008
Sujets:
Tags: Ajouter un tag
Pas de tags, Soyez le premier à ajouter un tag!
Thư viện lưu trữ: Trung tâm Học liệu Trường Đại học Cần Thơ
LEADER 00594nam a2200193Ia 4500
001 CTU_190493
008 210402s9999 xx 000 0 und d
082 |a 428.4 
082 |b N458/CD.2 
100 |a Nesbit, Edith 
245 4 |a The railway children 
245 0 |c Edith Nesbit ; John Escott ; Rachel Birkett 
260 |a Oxford, England 
260 |b Oxford University Press 
260 |c 2008 
650 |a Reading comprehension,Short stories.,Truyện ngắn 
650 |x Problems, exercises, etc. 
904 |i Tuyến 
980 |a Trung tâm Học liệu Trường Đại học Cần Thơ